000 00583nam a2200193Ia 4500
003 GCL
008 140319s9999 xx 000 0 eng d
040 _aGCL /
_cGCL
082 0 4 _a005.3
_bR?S
100 1 _aRASHED, M.I.I
245 1 0 _aSpread Sheets for Engineeis with Application in: Civil Engineering Aerodynamics Fluid Mechanics /
_cRASHED, M.I.I
260 _a[S.N] :
_bSCIENTIFIC BOOK HONSE ،
_c1992
300 _a224 P?P
650 0 4 _aCIVIL ENGINEERING
650 0 4 _aENGINEERS
650 0 4 _aCOMPUTER PROGRM
650 0 4 _aPREADSHEETS(COMPUTER PROGRAM)
942 _2ddc
_cBK
999 _c17150
_d17150